| 000 | 01136cam a2200349 a 4500 | ||
|---|---|---|---|
| 001 | 12360918 | ||
| 003 | OSt | ||
| 005 | 20140310181744.0 | ||
| 008 | 000211s1999 ph 000 0 eng | ||
| 010 | _a 99920923 | ||
| 020 | _a9717330034 | ||
| 035 | _a(DLC) 99920923 | ||
| 037 |
_bLibrary of Congress -- Jakarta Overseas Office _cP200.00 |
||
| 040 |
_aDLC _cDLC _dDLC |
||
| 042 | _alcode | ||
| 043 | _aa-ph--- | ||
| 050 | 0 | 0 |
_aKPM 2790 _b.Sa237 1999 |
| 082 | 0 | 0 |
_aFIL 336.2 _b.Sa237 1999 |
| 245 | 0 | 0 |
_aTaxation _bconcepts, principles, practices, and trends _cSantos, Gonzalo T., Jr. ... [et al.] |
| 250 | _a1999 rev. ed. | ||
| 260 |
_aMakati, M.M. [i.e. Metro Manila] _bInternational Academy of Management & Economics _cc1999 |
||
| 300 |
_av, 216 p. _c21 cm. |
||
| 521 | _aCollege Students | ||
| 526 | _c1210L to 1700L | ||
| 541 | _j1 | ||
| 562 | _e1 | ||
| 650 | 0 |
_aTaxation _xLaw and legislation _zPhilippines. |
|
| 700 | 1 | _aSantos, Gonzalo T. | |
| 906 |
_a7 _bcbc _corigode _d2 _encip _f19 _gy-gencatlg |
||
| 942 |
_2lcc _cBK-FIL _kFIL |
||
| 999 |
_c2885 _d2885 |
||